00801 2200265 4500001002100000005001700021008004100038020001800079035002400097090001700121111004900138245012200187250001000309260004100319300002500360500002700385500001100412650002600423700002000449850001500469980001500484985000600499999001500505999001500520YOGYA-0209000000197820090227020505.0 ind  a979-9640-09-8 0010-020900000001978 a374.3bPan O aPan Asia Research and Communication Services aObrolan rakyatbBandung-Yongyakarta-MalangcPan Asia Research and Communication Services ; penyunting, Sinta Carolina aCet.1 aYogyakartabTiara Wacana Yogyac2000 axxvi, 338 hlmc21 cm aBibliografi : hlm. 338 aIndeks aPendidikan masyarakat aCarolina, Sinta aYOPDYOG(B) a10-22-2005 a2 a02P0002597 a02P0002600